00932nam a2200265Ia 450000500170000000800340001702000180005108200160006910000310008524501210011625000220023730000470025949000430030665000190034965000210036865000220038970000190041170000310043070000270046126400550048833600270054333700330057033800280060304000350063120220317000410.0141031s2014 ag a0 sga d s  a978987121754004a551.2bS35t1 aSimonotti, Fernandod1968-10aTerremotos y volcanes para los más curiososcFernando Simonotti y Grabriela Baby ; ilustraciones de Javier Basile aPrimera edición a59 páginasbilustraciones a colorc21 cm aPreguntas que ponen los pelos de punta142LEMBaVolcanes142LEMBaTerremotos142LEMBaGeografía1 aBaby, Gabriela1 aBasile, Javiereilustrador1 aBaredes, Carlaeeditor aCiudad Autónoma de Buenos AiresbIamiquéc2014 atextobtxt2rdacontent asin mediaciónbn2rdamedia avolumenbnc2rdacarrier aCO-BoRNBPbspaerdacCO-BoRNBP